000 00455nam a2200157Ia 4500
008 240729s9999 xx 000 0 und d
022 _a2149-214X
245 0 _aJournal of Education in Science, Environment and Health
260 _aTürkiye
260 _bSeyit Ahmet Kıray
650 _a Special aspects of education
650 _aEducation
856 _uhttps://doaj.org/toc/0da3c507f1ea425ab7a4bd48538d239b
942 _2ddc
942 _cDOAJEJ
999 _c66575
_d66575
945 _a1
_bMadushi Gamage
_c1
_dMadushi Gamage